El de la capa blanca (Record no. 136518)

MARC details
000 -LEADER
campo de control de longitud fija 00561nam a2200181 4500
001 - NÚMERO DE CONTROL
campo de control 136518
003 - IDENTIFICADOR DE NÚMERO DE CONTROL
campo de control ES-MaACL
005 - FECHA Y HORA DE LA ÚLTIMA TRANSACCIÓN
campo de control 20230906195144.0
007 - CAMPO FIJO DE DESCRIPCIÓN FÍSICA--INFORMACIÓN GENERAL
campo de control de longitud fija t|
008 - DATOS DE LONGITUD FIJA--INFORMACIÓN GENERAL
campo de control de longitud fija 070214s1968 sp r ||||1| spa d
100 1# - ENTRADA PRINCIPAL--NOMBRE DE PERSONA
Nombre de persona Sáenz Martínez, Jesús.
9 (RLIN) 101332
245 13 - MENCIÓN DEL TÍTULO
Título El de la capa blanca
Resto del título : (San Juan de la Cruz) /
Mención de responsabilidad, etc. Jesús Sènz Martínez.
260 ## - PUBLICACIÓN, DISTRIBUCIÓN, ETC.
Lugar de publicación, distribución, etc. Bilbao :
Nombre del editor, distribuidor, etc. [s.n.],
Fecha de publicación, distribución, etc. 1968 (
Fabricante Gráf. Ellacuria)
300 ## - DESCRIPCIÓN FÍSICA
Extensión 63 p. ;
Dimensiones 19 cm.
852 ## - LOCALIZACIÓN
Ubicación ES-MaACL
Número de control de estantería C-51575
Sublocalización o colección R.72333
852 ## - LOCALIZACIÓN
Ubicación ES-MaACL
Número de control de estantería E-7903
Sublocalización o colección R.92426
852 ## - LOCALIZACIÓN
Ubicación ES-MaACL
Número de control de estantería E-7904
Sublocalización o colección R.92427
Holdings
Estatus retirado Estado de pérdida Estado de daño No para préstamo Biblioteca de origen Biblioteca actual Ubicación en estantería Fecha de adquisición Fuente de adquisición Total de préstamos Signatura topográfica completa Código de barras Visto por última vez Precio de reemplazo Tipo de ítem Koha
        Biblioteca del Ateneo de Madrid Biblioteca del Ateneo de Madrid Depósito 2 17/01/2008     E-7904 1142079 23/02/2023 23/02/2023 Libro impreso
        Biblioteca del Ateneo de Madrid Biblioteca del Ateneo de Madrid Depósito 2 17/01/2008     C-51575 1142077 23/02/2023 23/02/2023 Libro impreso
        Biblioteca del Ateneo de Madrid Biblioteca del Ateneo de Madrid Depósito 2 17/01/2008     E-7903 1142078 23/02/2023 23/02/2023 Libro impreso